Les 10 meilleurs buteurs en Ligue des Champions par édition (2020-) - Statistiques

Statistiques générales
  • Ce quiz a été pris 112 fois
  • Le résultat moyen est 37 sur 50
Statistiques - réponses
# CLUB BUTS JOUEUR % Correct
2 PSG 8 Kylian Mbappé
98%
8 PSG 6 Kylian Mbappé
98%
4 PSG 7 Kylian Mbappé
98%
2 PSG 8 Kylian Mbappé
98%
1 Borussia Dortmund 10 Erling Haaland
97%
1 Manchester City 12 Erling Haaland
97%
4 Manchester City 6 Erling Haaland
97%
6 Manchester City 8 Erling Haaland
97%
5 Liverpool 6 Mohamed Salah
96%
4 Liverpool 8 Mohamed Salah
96%
2 Liverpool 8 Mohamed Salah
96%
2 Bayern Munich 13 Robert Lewandowski
96%
3 FC Barcelone 11 Robert Lewandowski
96%
7 PSG 8 Ousmane Dembélé
94%
9 Real Madrid 6 Karim Benzema
92%
1 Real Madrid 15 Karim Benzema
92%
3 Real Madrid 7 Vinícius Júnior
92%
3 Real Madrid 6 Vinícius Júnior
92%
8 Real Madrid 8 Vinícius Júnior
92%
1 Bayern Munich 8 Harry Kane
91%
4 Bayern Munich 11 Harry Kane
91%
10 Manchester United 6 Cristiano Ronaldo
89%
5 Inter Milan 9 Lautaro Martínez
89%
2 FC Barcelone 13 Raphinha
88%
1 Borussia Dortmund 13 Serhou Guirassy
87%
5 Atlético Madrid 6 Antoine Griezmann
86%
3 PSG 6 Neymar Jr
84%
7 Real Madrid 5 Rodrygo
84%
9 Real Madrid 5 Rodrygo
84%
8 Manchester City 5 Julián Álvarez
82%
10 Atlético Madrid 7 Julián Álvarez
82%
9 Lille OSC 7 Jonathan David
81%
7 Manchester City 5 Phil Foden
72%
6 Chelsea 6 Olivier Giroud
71%
9 AC Milan 5 Olivier Giroud
71%
10 SSC Napoli 5 Victor Osimhen
66%
8 Benfica Lisbonne 5 Rafa Silva
59%
7 Bayern Munich 6 Leroy Sané
57%
6 RB Leipzig 7 Christopher Nkunku
52%
3 Ajax Amsterdam 11 Sébastien Haller
51%
10 Borussia M'gladbach 5 Alassane Pléa
46%
10 Real Madrid 5 Joselu
46%
8 Manchester United 6 Marcus Rashford
38%
5 Manchester City 7 Riyad Mahrez
34%
6 FC Porto 5 Mehdi Taremi
31%
4 Juventus 6 Álvaro Morata
30%
7 FC Séville 6 Youssef En-Nesyri
18%
5 Benfica Lisbonne 6 João Mário
15%
9 Villarreal 6 Arnaut Danjuma
12%
6 FC Porto 5 Galeno
11%
Aucun quiz correspondant
Distribution des résultats
% des personnes avec chaque résultat
Percentile par nombre de réponses
Votre historique - résultats
Vous n’avez pas pris ce quiz